000 00306nam a22001217a 4500
005 20250722171022.0
008 250722b |||||||| |||| 00| 0 eng d
050 _aREF AE3
_bWOR
245 _aTHE WORLD BOOK ENCYCLOPEDIA
260 _aCHICAGO
_bWORLD BOOK, INC.
_cc2001
300 _a894p
942 _2lcc
_cBK
_n0
999 _c7103
_d7103